000 04519nam a22002417a 4500
003 OSt
005 20230510163518.0
008 200129b xxu||||| |||| 00| 0 eng d
020 _a9781437728019
020 _a9781437727999
040 _cLC
050 _aRT41.I36
100 _aIgnatavicius, Donna D.
_9354
245 _aMedical-surgical nursing: patient-centered collaborative care. /
_cDonna D.Ignatavicius and Linda M. Workman.
250 _a7th ed.
260 _aSt Louis, Missouri:
_bElsevier Saunders,
_c2013.
300 _axxxii, 1772 p. + [various pagings] :
_bill. ;
_c28 cm.
_e1 CD-ROM (4 3/4 in.)
505 _aContents : Introduction to medical-surgical nursing -- Introduction to complementary and alternative therapies -- Common health problems of older adults -- Cultural aspects of health and illness -- Pain : the fifth vital sign -- Genetic concepts for medical-surgical nursing --Substance abuse and medical surgical nursing -- Rehabilitation concepts for chronic and disabling health problems -- End-of-life care -- Concepts of emergency and trauma nursing -- Care of patients with common environmental emergencies -- Concepts of emergency and disaster preparedness -- Assessment and care of patients with fluid and electrolyte imbalances -- Assessment and care of patients with acid-base imbalances -- Infusion therapy -- Care of preoperative patients -- Care of intraoperative patients -- Care of postoperative patients -- Inflammation and the immune response -- Care of patients with arthritis and other connective tissue diseases -- Care of patients with HIV disease and other immune deficiencies -- Care of patients with immune function excess: hypersensitivity (allergy) and autoimmunity -- Cancer development -- Care of patients with cancer -- Care of patients with infection -- Assessment of the skin , hair, and nails -- Care of patients with and skin problems -- Care of patients with burns -- Assessment of the respiratory system -- Care of patients requiring oxygen therapy or tracheotomy -- Care of patients with noninfectious upper respiratory problems -- Care of patients with noninfectious lower respiratory problems -- Care of patients with infectious respiratory problems -- Care of critically ill patients with respiratory problems -- Assessment of the cardiovascular system -- Care of patients with dysrhythmias -- Care of patients with cardiac problems -- Care of patients with vascular problems -- Care of patients with shock -- Care of patients with acute coronary syndromes -- Assessment of hematologic system -- Care of patients with hematologic system -- Assessment of the nervous system -- Care of patients with problems of the central nervous system: the brain -- Care of patients with problems problems of the central nervous system: the spinal cord -- Care of patients with problems of the peripheral nervous system -- Care of critically ill patients with neurologic problems -- Assessment of the eye and vision -- Care of patients with eye and vision problems -- Assessment of the ear and hearing -- Care of patients with ear and hearing problems -- Assessment of the musculoskeletal system -- Care of patients with musculoskeletal problems -- Care of patients with musculoskeletal trauma -- Assessment of gastrointestinal system -- Care of patients with oral cavity problems -- Care of patients with esophageal problems -- Care of patients with stomach disorders -- Care of patients with noninflammatory intestinal disorders -- Care of patients with inflammatory intestinal disorders -- Care of patients with liver problems -- Care of patients with problems of the biliary system and pancreas -- Care of patients with malnutrition and obesity -- Assessment of the endocrine system -- Care of patients with pituitary and adrenal problems -- Care of patients with problems of the thyroid and parathyroid glands --Care of patients with problems diabetes mellitus -- Assessment of the renal/ urinary system -- +Care of patients with urinary problems -- Care of patients with renal disorders -- Care of patients with acute kidney injury and chronic kidney disease -- Assessment of the reproductive system -- Care of patients with breast disorders -- Care of patients with gynecologic problems -- Care of male patients with reproductive problems -- Care of patients with sexually transmitted disease.
650 _vSurgical nursing.
_997
650 _vSurgical nursing -- problems, exercises.
_9355
700 _aWorkman, Linda M.
_9356
942 _2lcc
_cBK
999 _c9600
_d17100